Učitavanje...

Land concentration and rural poverty

Bibliografski detalji
Glavni autor: Griffin, Keith
Format: Printed Book
Izdano: Macmillan Press Limited, Bombay 1976
Teme:
LEADER 00505nam a2200193 4500
020
082 |a 338.1 GRI-L 
100 |a Griffin, Keith 
245 |a Land concentration and rural poverty 
250
260 |a Macmillan Press Limited, Bombay  |c 1976 
300
490
500
590 |a M K L 
650 |a Agricultural economics 
942 |c BK 
999 |c 109955  |d 109955 
952 |0 0  |1 0  |4 0  |6 338_100000000000000_GRIL  |7 0  |9 123422  |a ECN  |b ECN  |l 0  |o 338.1 GRI-L  |p ECN06983  |r 2019-09-25  |w 2019-09-25  |y BK